♫ "Maybe Man" - Lyrics - AJR ♫ - Statistics

General Stats
  • This quiz has been taken 246 times
  • The average score is 321 of 441
Answer Stats
Lyric % Correct
I
100%
a
99%
my
96%
was
96%
you
96%
stone
95%
stone,
95%
Wish
95%
wish
95%
be
94%
so
94%
big
93%
big,
93%
But
93%
could
93%
in
93%
In
93%
it
93%
feel
92%
no
91%
the
91%
who
91%
face,
90%
deal
89%
when
89%
would
89%
yell
89%
couldn't
88%
we
88%
win
88%
and
87%
And
87%
I'd
87%
Don't
86%
don't
86%
of
86%
on
86%
Then
86%
then
86%
You'd
86%
you'd
86%
miss
85%
dog
83%
dog,
83%
go
83%
mind
83%
up
83%
your
83%
smile
82%
wanna
82%
know
81%
make
81%
way
81%
what
81%
what?
81%
bein'
80%
changed
80%
if
80%
If
80%
me
80%
me,
80%
that
80%
back
79%
head
79%
hear
79%
at
78%
eyes
78%
had
78%
friends
77%
see
77%
been
76%
I've
76%
shit
76%
talkin'
76%
it'd
75%
places
75%
to
75%
wouldn't
75%
you're
75%
her
74%
lawn
74%
out
74%
gone
73%
I'm
73%
live
73%
come
72%
home
72%
long
72%
think
72%
were
72%
act
70%
glad
70%
TV
70%
not
69%
reel
69%
show
69%
every
68%
real
68%
she's
68%
cry,
67%
cry
67%
for
67%
For
67%
sure
67%
trip
67%
get
65%
gonna
65%
brain
64%
practice
64%
size
63%
triple
63%
believe
62%
put
62%
die,
61%
into
61%
fight
58%
I'll
58%
joke,
58%
'Cause
57%
nail
57%
won't
57%
kind
56%
life
56%
life,
56%
point
56%
rich
56%
Jack
54%
too
54%
all
53%
bill
53%
bottle
53%
want
52%
anything
51%
complain
51%
cover
51%
deep
51%
or
51%
some
51%
style,
51%
travel
51%
with
51%
other
50%
small
50%
bad
49%
'bout
49%
frat
49%
one
49%
One,
49%
cocaine
48%
two
48%
two,
48%
God,
45%
invited
45%
is
45%
old
45%
Nobody'd
44%
good
43%
days
42%
only
42%
sad
41%
song,
41%
You'll
39%
as
38%
house
37%
favorite
36%
three
36%
are
35%
there
35%
baby
34%
never
34%
born
33%
couch
33%
minutes,
33%
crowd
32%
fit
32%
passed
32%
prom
32%
trees,
32%
am
31%
therapist's
31%
dance
30%
love
30%
skip
30%
sleep
30%
fuckin'
29%
did,
28%
follow
28%
now
28%
pandemonium
28%
really
28%
use
27%
hell
26%
cruel
25%
Here
25%
him
25%
well,
25%
again
24%
break
24%
stuff
24%
death
22%
loved
22%
matter
22%
weird
22%
Yeah,
22%
whoever
21%
just
20%
kinda
20%
say
20%
fan
17%
give
17%
makes
16%
whatever
16%
Hey,
13%
No matching quizzes found
Score Distribution
Percent of People with Each Score
Percentile by Number Answered
Your Score History
You have not taken this quiz